| 000 | 00666nam a2200181 a 4500 | ||
|---|---|---|---|
| 001 | 000049017 | ||
| 005 | 20201002061605.0 | ||
| 008 | 190715s1979 dr a r 000 0 spa d | ||
| 040 |
_aDO-SdBNP _bspa _cBNPHU |
||
| 082 |
_axxxx _bM236c |
||
| 100 | 1 |
_aMalagón, Jacqueline _920998 |
|
| 245 | 1 | 0 |
_aComo investigar mejor : _buna guía para estudiantes de secundaria / _cJacqueline Malagón ; prólogo J. Alfonso Lockward P. |
| 260 |
_aSanto Domingo : _bInstituto Dominicano de Educación Integral, _c1979. |
||
| 300 |
_a49 p. : _bil. ; _c21 cm. |
||
| 500 | _aBibliografía : p. 39-41 | ||
| 590 | _aInventariado, 2019/BT | ||
| 700 | 1 |
_aLockward P., J. Alfonso, _epról. _976436 |
|
| 999 |
_c48505 _d48505 |
||